00643 2200229 4500001002100000005001500021035002000036007000300056008004100059020002200100082001100122084001700133100001500150245007600165260003000241300003500271650003800306700002100344504002600365990001100391990001100402INLIS00000000000443020191113102936 a0010-1119000057ta191113 g 0 ind  a978-979-29-6335-9 a303.48 a303.48 IKH m0 aI KHAMBALI1 aManajemen Penanggulangan Bencana /cI Khambali; editor, Putri Christian aYogyakarta :bAndi,c2017 aviii, 192 hlm :bilus ;c24 cm 4aSOSIOLOGI. PENANGGULANGAN BENCANA0 aPUTRI, Christian aBibliografi.: 191-192 a7143 a a7143 b